Federal grant-in-aid programs in Pennsylvania 1941-1953: a report of the Pennsylvania Commission on Intergovernmental Relations (Record no. 488878)

000 -LEADER
fixed length control field 00539cam a22001337a 4500
008 - FIXED-LENGTH DATA ELEMENTS--GENERAL INFORMATION
fixed length control field 180718b1954 xxu||||| |||| 00| 0 eng d
082 ## - DEWEY DECIMAL CLASSIFICATION NUMBER
Classification number B811x748 P384/1941-1953
100 ## - MAIN ENTRY--PERSONAL NAME
Personal name United States. Pennsylvania Commission on Intergovernmental Relations
245 ## - TITLE STATEMENT
Title Federal grant-in-aid programs in Pennsylvania 1941-1953: a report of the Pennsylvania Commission on Intergovernmental Relations
260 ## - PUBLICATION, DISTRIBUTION, ETC.
Place of publication, distribution, etc. Pennsylvania
Name of publisher, distributor, etc. The author
Date of publication, distribution, etc. 1954
300 ## - PHYSICAL DESCRIPTION
Extent 220+p.
500 ## - GENERAL NOTE
General note Chairman: Alfred G. Buehler
700 ## - ADDED ENTRY--PERSONAL NAME
Personal name Buehler, Alfred G. (Chairman)
Holdings
Withdrawn status Lost status Damaged status Not for loan Permanent Location Current Location Date acquired Full call number Barcode Date last seen Price effective from Koha item type
        Indian Institute of Public Administration Indian Institute of Public Administration 2018-08-04 B811x748 P384/1941-1953 G6314 2018-08-04 2018-08-04 G

Powered by Koha